LEADER 01392nam 2200373 450 001 9910137014903321 005 20230610102838.0 010 $a1-5090-0478-5 035 $a(CKB)3710000000748175 035 $a(NjHacI)993710000000748175 035 $a(EXLCZ)993710000000748175 100 $a20230610d2015 uy 0 101 0 $aeng 135 $aur||||||||||| 181 $ctxt$2rdacontent 182 $cc$2rdamedia 183 $acr$2rdacarrier 200 10$a2015 IEEE/ACS 12th International Conference of Computer Systems and Applications (AICCSA) $edate, 17-20 Nov. 2015 /$fInstitute of Electrical and Electronics Engineers, ACS/IEEE International Conference on Computer Systems and Applications 210 1$aPiscataway, NJ. :$cIEEE,$d2015. 215 $a1 online resource $cillustrations 311 $a1-5090-0479-3 320 $aIncludes bibliographical references. 330 $aComputer Systems, Applications and Software Engineering. 517 $a2015 IEEE/ACS 12th International Conference of Computer Systems and Applications 606 $aComputer networks$vCongresses 615 0$aComputer networks 676 $a004.6 712 12$aACS/IEEE International Conference on Computer Systems and Applications, 801 0$bNjHacI 801 1$bNjHacl 906 $aPROCEEDING 912 $a9910137014903321 996 $a2015 IEEE$92495912 997 $aUNINA LEADER 03046nam 2200901Ia 450 001 9910792263403321 005 20230207233155.0 010 $a0-19-988383-1 010 $a0-19-533745-X 010 $a9786610428069 010 $a1-4237-3412-2 010 $a1-60256-499-X 010 $a1-280-42806-6 010 $a0-19-972141-6 035 $a(CKB)2560000000295348 035 $a(EBL)3051956 035 $a(OCoLC)62271511 035 $a(SSID)ssj0001142578 035 $a(PQKBManifestationID)12374497 035 $a(PQKBTitleCode)TC0001142578 035 $a(PQKBWorkID)11097862 035 $a(PQKB)10967105 035 $a(SSID)ssj0000085496 035 $a(PQKBManifestationID)11112876 035 $a(PQKBTitleCode)TC0000085496 035 $a(PQKBWorkID)10024777 035 $a(PQKB)11407825 035 $a(StDuBDS)EDZ0000073345 035 $a(MiAaPQ)EBC3051956 035 $a(Au-PeEL)EBL3051956 035 $a(CaPaEBR)ebr10091873 035 $a(CaONFJC)MIL42806 035 $a(MiAaPQ)EBC271043 035 $a(Au-PeEL)EBL271043 035 $a(MiAaPQ)EBC7036350 035 $a(Au-PeEL)EBL7036350 035 $a(EXLCZ)992560000000295348 100 $a20050310d2005 uy 0 101 0 $aeng 135 $aur|n|---||||| 181 $ctxt 182 $cc 183 $acr 200 10$aBad language$b[electronic resource] $eare some words better than others? /$fEdwin L. Battistella 210 $aOxford ;$aNew York $cOxford University Press$d2005 215 $a1 online resource (241 p.) 300 $aDescription based upon print version of record. 311 $a0-19-517248-5 311 $a0-19-978818-9 320 $aIncludes bibliographical references and index. 327 $aContents; One: Bad Language: Realism versus Relativism; Two: Bad Writing; Three: Bad Grammar; Four: Bad Words; Five: Bad Citizens; Six: Bad Accents; Seven: Images and Engagement; Notes; References; Index; A; B; C; D; E; F; G; H; I; J; K; L; M; N; O; P; Q; R; S; T; U; V; W; Y; Z 330 8 $aExamining debates over relativism in language, Battistella argues that we should view language as made up of alternative forms of regularity & orderliness, which require informed engagement with usage. 606 $aSlang 606 $aSwearing 606 $aSociolinguistics 606 $aEnglish language$xSlang 606 $aEnglish language$xSocial aspects 606 $aAnglès$2thub 606 $aArgot$2thub 606 $aSociolingüística$2thub 608 $aLlibres electrònics$2thub 615 0$aSlang. 615 0$aSwearing. 615 0$aSociolinguistics. 615 0$aEnglish language$xSlang. 615 0$aEnglish language$xSocial aspects. 615 7$aAnglès 615 7$aArgot 615 7$aSociolingüística 676 $a417/.2 700 $aBattistella$b Edwin L$0168240 801 0$bMiAaPQ 801 1$bMiAaPQ 801 2$bMiAaPQ 906 $aBOOK 912 $a9910792263403321 996 $aBad language$93671135 997 $aUNINA LEADER 01519nas 2200469- 450 001 9910310639703321 005 20260218110401.0 011 $a2192-8029 035 $a(OCoLC)906193161 035 $a(CKB)3460000000023268 035 $a(CONSER)--2015207516 035 $a(DE-599)ZDB2718224-1 035 $a(MiAaPQ)2038883 035 $a(DE-599)2718224-1 035 $a(EXLCZ)993460000000023268 100 $a20140708a20129999 s-- a 101 0 $aeng 135 $aurcn|---||||| 181 $ctxt$2rdacontent 182 $cc$2rdamedia 183 $acr$2rdacarrier 200 00$aNonlinear engineering $emodeling and application 210 1$aBerlin, Germany :$cDe Gruyter 300 $aRefereed/Peer-reviewed 311 08$a2192-8010 606 $aSystems engineering$xMathematical models$vPeriodicals 606 $aNonlinear systems$vPeriodicals 606 $aSystems engineering$vPeriodicals 606 $aNonlinear systems$2fast$3(OCoLC)fst01038810 606 $aSystems engineering$2fast$3(OCoLC)fst01141455 606 $aSystems engineering$xMathematical models$2fast$3(OCoLC)fst01141463 608 $aPeriodicals.$2fast 615 0$aSystems engineering$xMathematical models 615 0$aNonlinear systems 615 0$aSystems engineering 615 7$aNonlinear systems. 615 7$aSystems engineering. 615 7$aSystems engineering$xMathematical models. 906 $aJOURNAL 912 $a9910310639703321 996 $aNonlinear engineering$92162985 997 $aUNINA